00838nam a22002057a 450000500170000000800410001704000270005804100080008504400070009309000140010024501240011426000560023830000820029465000190037665000260039565000300042194200170045199900170046895201470048520200104041739.0160406b ke ao fr|||| 00| 0 spa d aCO-BoIAVH cCO-BoIAVH 0 aspa ake aFG-b003200aNota de orientación sobre la incorporación del medio ambiente en la planificación del desarrollo a nivel nacional aNairobi (Kenia) :bUNEP :bPNUD :bPNUMA,c[s. f.]. a7 páginas :bilustraciones y fotografías a color ;c30 x 21 centímetros16aMedio ambiente16aDesarrollo sostenible26aEconomía medioambiental 2ddccFolleto c18256d18256 00102ddc40708GENERALIINV2017aBogotabBogotad2016-04-06l0oFG-0032p039900r2016-04-06 00:00:00tEj. 1w2016-04-06xDonaciónyFolleto